Chicago Bulls 2025-2026 Roster - Statistics

General Stats
  • This quiz has been taken 27 times
    19 since last reset
  • The average score is 9 of 18
Answer Stats
Jersey # Pos Answer % Correct
3 G Josh Giddey
100%
14 F Matas Buzelis
92%
22 G Anfernee Simons
77%
2 G Collin Sexton
69%
25 F-C Jalen Smith
69%
7 G Rob Dillingham
62%
35 F-G Isaac Okoro
54%
44 F Patrick Williams
54%
31 G Jaden Ivey
46%
47 C Lachlan Olbrich
46%
13 C Nick Richards
46%
28 F Guerschon Yabusele
38%
11 F Leonard Miller
38%
30 G Tre Jones
38%
12 F-C Zach Collins
38%
24 F Noa Essengue
31%
5 G Mac McClung
23%
8 G Yuki Kawamura
23%
No matching quizzes found
Score Distribution
Percent of People with Each Score
Percentile by Number Answered
Your Score History
You have not taken this quiz since the last reset